Statistiques concernant Culture Générale - Série 1397

Cliquez ici pour prendre le quiz!

Statistiques générales

  • Ce quiz a été pris 61 fois
  • Le résultat moyen est 5 sur 10

Statistiques - réponses

Question Réponse % Correct
Dans quel dessin animé de Disney, de 1994, peut-on entendre la chanson : "Hakuna Matata" ?Le roi lion
88%
De quel pays Caracas est-elle la capitale ?Venezuela
86%
A quelle date les États-Unis célèbrent-ils la fête de leur indépendance ?4 juillet
79%
Quel monstre de cinéma japonais, ayant l'apparence d'un lézard géant, donne son nom à un film de Roland Emmerich sorti en 1998 ?Godzilla
77%
Quel anglicisme, tiré d'une expression signifiant "action de boucler la boucle", désigne une acrobatie aérienne consistant à décrire une boucle dans un plan vertical ?looping
55%
Dans le conte de fées des frères Grimm, quel est le métier du père de Hänsel et Gretel ?bûcheron
50%
A quel compositeur, prénommé Georg Friedrich, doit-on l'oratorio : "Le Messie" ?Haendel
36%
Dans quel film de Carlos Saura, sorti en 1976, peut-on entendre la chanson "Porque te vas" ?Cria Cuervos
21%
Dans la mythologie grecque, quel nom portait le centaure éducateur d'Achille ?Chiron
18%
Par quel nom d'ancienne monnaie espagnole appelle-t-on familièrement, au Québec, un billet d'un dollar ?piastre
4%

Distribution des résultats

Percentile par nombre de réponses

% des personnes avec chaque résultat

Votre développement - résultats

Vous n’avez pas pris ce quiz